00593nam a2200181 a 450000100100000000500170001000800410002704000250006808200170009310000230011024500440013326000440017730000210022150400740024265000260031665000250034265000440036700002284620200930021831.0101119s1969 ve r 001 f spa d aDO-SdBNPbspacBNPHU a883.1bT431h1 aThiele, Guillermo,10aHomero y su iliada /cGuillermo Thiele. aCaracas :bMonte Avila Editores,c1969. a131 p. ;c19 cm. aIncluye referencias bibliográficas y notas al pie de las páginas. 4aPoesía epica griega 4aHistoria y crítica 4aLiteratura griegaxHistoria y crítica